000 00712nam a2200193Ii 4500
003 JO-AjNU
008 230605s9999||||xx |||||||||||||| ||und||
040 _aJO-AjNU
_bara
_erda
_cJO-AjNU
041 _aara
050 1 4 _aHG1707.M5 1982
100 3 _aصادق، مدحت,
_eauthor
_938403
245 0 0 _aالجهاز المصرفي في الاقتصاد المخطط هيكله ودوره
264 3 1 _aالاسكندرية: دار الجامعات المصرية، 1982
300 _a543ص
_bيحتوي على ببلوغرافية من 511-543ص
336 _atext
_btxt
_2rdacontent
337 _aunmediated
_bn
_2rdamedia
338 _avolume
_bnc
_2rdacarrier
650 4 _aالبنوك - محاسبة
_938404
999 _aA16132
_c19700
_d19700